000 00578nam a2200229Ia 4500
003 OSt
005 20221005121132.0
006 a|||||r|||| 00| 0
007 ta
008 221004b |||||||| |||| 00| 0 eng d
024 _a67696
037 _cTextual
040 _aCRL
_cCRL
_beng
041 _2eng
_aeng
082 _aV657:1:N5, J8-;1
100 _aGhana First Word
_9630139
245 0 _aGhana is born, 6th March 1957
260 _c1948
650 _aHISTORY
942 _hV657:1:N5, J8-;1
_cTEXL
_2cc
999 _c1040206
_d1040206